• 首页
  • 本馆介绍
  • 公告通知
  • 最新文献
  • 馆藏检索
  • 电子资源
  • 读者导购
  • 参考咨询
  • 我的图书馆
  • 登录
  • 详细信息显示
  • 放入我的书架
  • 预约/预借图书
  • 作者相关作品
  • 分类相关作品
  • 丛书相关作品
  • 出版社相关作品

书目信息

  • 表格格式
  • 工作单格式
  • 卡片格式
题名:
咏春拳秘传狠招集粹
    
 
作者: 魏峰 编著
分册:  
出版信息: 北京   北京体育大学出版社  2010
页数: 417页
开本: 21cm
丛书名:
单 册:
中图分类: G852.13
科图分类:
主题词: 南拳--套路(武术) , 南拳 , 套路(武术)
电子资源:
ISBN: 978-7-5644-0097-2
000 00846nam0 2200265 45
001 1130674077
005 20110310094845.53
010    @a978-7-5644-0097-2@dCNY27.00
100    @a20110123e2010 em y0chiy50 ea
101 0  @achi
102    @aCN@b110000
105    @aa z 000yy
106    @ar
200 1  @a咏春拳秘传狠招集粹@AYong Chun Quan Mi Chuan Hen Zhao Ji Cui@f魏峰编著@FWei Feng Bian Zhu
210    @a北京@c北京体育大学出版社@d2010
215    @a417页@c图@d21cm
330    @a本书主要讲解咏春拳中的几种核心的实战技术,如拳腿配合实战技术、对付泰拳的实战技术、街头防卫技术和六点半棍法的基础训练等内容。
606 0  @a南拳@x套路(武术)
606 0  @a南拳
606 0  @a套路(武术)
610 0  @a咏春拳
690    @aG852.13@v4
701  0 @a魏峰@AWei Feng@4编著
801  0 @aCN@bTANGWEI@c20110310
905    @b0531113-16@dG852.13@e192@f4
    
    咏春拳秘传狠招集粹/魏峰编著.-北京:北京体育大学出版社,2010
    417页:图;21cm
    
    
    ISBN 978-7-5644-0097-2:CNY27.00
    本书主要讲解咏春拳中的几种核心的实战技术,如拳腿配合实战技术、对付泰拳的实战技术、街头防卫技术和六点半棍法的基础训练等内容。
●
相关链接 在E读中查询图书 在五车中查询图书 在当当中查询图书 在豆瓣中查询图书


正题名:咏春拳秘传狠招集粹     索取号:G852.13/192         预约/预借

序号 登录号 条形码 馆藏地/架位号 状态 备注
1 0531113   205311134   第一样本阅览室/ [索取号:G852.13/192] 在馆    
2 0531114   205311143   密集书库-体育系/ [索取号:G852.13/192] 在馆    
3 0531115   205311152   第四借阅区/ [索取号:G852.13/192] 在馆    
4 0531116   205311161   第四借阅区/ [索取号:G852.13/192] 在馆    
唐山师范学院图书馆 欢迎您!
大连网信软件有限公司© 版权所有